000 01092nam a22002537a 4500
999 _c21244
_d21244
003 AR-CdUCM
008 190429b ||||| |||| 00| 0 spa d
040 _aMUNICIPALIDAD PROVINCIAL DEL CUSCO
_cBIBLIOTECA MUNICIPAL DEL CUSCO
082 _a580.74/M93
_bM93
110 _aMunicipalidad Provincial del Cusco
_944377
245 _aGuía Jardín botánico de la flora nativa Cusco Plaza San Francisco /
260 _aCusco ;
_bAmericana,
_c2017.
300 _a58 Páginas. :
_bilustraciones en color,
_c20 cm.
505 _aContenido: Reseña histórica de la Plaza San Francisco -- Jardín Botánico de la Flora Nativa de Cusco -- Plano de ubicación de canteros -- Lista por especie de canteros -- Identificación de plantas -- Guía general de las plantas existentes en el jardín botánico.
650 _aBiología
_9881
650 _aBotánica
_92790
650 _aPlantas nativas
_921186
650 _aFlora
_920658
650 _aPlaza San Francisco
_944378
650 _aCusco Perú
_944379
710 _aGerencia de Medio Ambiente
_944380
942 _2ddc
_cLIBROS
945 _aRoel